header

Integration in counselling and psychotherapy (Record no. 13458)

MARC details
000 -LEADER
fixed length control field 01318nam a2200337Ia 4500
100 1# - MAIN ENTRY--AUTHOR NAME
Personal name Lapworth, Phil.
245 10 - TITLE STATEMENT
Title Integration in counselling and psychotherapy
260 ## - PUBLICATION, DISTRIBUTION, ETC. (IMPRINT)
Place of publication London ;
-- Thousand Oaks, CA :
Name of publisher SAGE Publications,
Year of publication 2001.
300 ## - PHYSICAL DESCRIPTION
Number of Pages ix, 181 p. :
Other physical details ill.
650 #0 - SUBJECT ADDED ENTRY--TOPICAL TERM
Topical Term Counseling.
Topical Term Eclectic psychotherapy.
700 1# - ADDED ENTRY--PERSONAL NAME
Personal name Fish, Sue.
Personal name Sills, Charlotte.
856 40 - ELECTRONIC LOCATION AND ACCESS
Uniform Resource Identifier http://site.ebrary.com/lib/rucke/Doc?id=10256946

No items available.

© 2026 Rongo University
Contact us: librarian | system librarian | Rongo university